Регионална библиотека "Любен Каравелов" - Русе

Човек и свят в българската лирика от началото на ХХ век (Запис номер 72439)

MARC детайли
000 -Лидер
Контролно поле с фиксирана дължина 01493nam a2200385 c 4500
003 - Код на организацията, давaща контролен номер
Контролно поле BLK
005 - Дата и час на последна редакция
Контролно поле 20180420223918.0
008 - Елементи от данни с фиксирана дължина
fixed length control field 180408b bul|||||r ||||||| ||bul||
010 ## - Наследен системен номер
LC control number KNG00076814000
020 ## - Международен стандартен номер на книга ISBN
Международен стандартен номер на книга ISBN 954-26-0456-4
-- издат.: Хермес
040 ## - Източник на каталожния запис
Идентификатор на билиотеката - собственик на записа BLK
041 ## - Код за език
Код за езика на текст/звукозапис или на отделно заглавие Български
Код за езика КДБФ Български
080 ## - УДК
Текстов определител УДК Българска литература
УДК код - определител по УДК 821.163.2
УДК определител -14.09
УДК - код + определител 821.163.2-14.09
080 ## - УДК
Текстов определител УДК Българска литература
УДК код - определител по УДК 821.163.2
УДК определител (092)
УДК - код + определител 821.163.2(092)
080 ## - УДК
Текстов определител УДК Биографии
УДК код - определител по УДК 929
УДК определител (497.2)
УДК - код + определител 929(497.2)
100 1# - Редна дума - Автор
Автор Ганчева, Бистра Лазарова
Авторска отговорност първи автор
R(LIN) 254926
139 ## - Редно поле
Редна дума Ганчева, Бистра Лазарова
Авторски знак Ганч - Г 22
245 10 - Сведения за заглавието
Заглавие Човек и свят в българската лирика от началото на ХХ век
Редно поле (дума) Бистра Лазарова Ганчева.
257 ## - Страна на издаване
Страна на създаване/издаване България
260 ## - Област на издателските данни
-- Пловдив
Име на издателя, разпространителя и проч. Хермес
Година на издаване 2006
Печатница Хасково : Полиграфюг
300 ## - Физическа характеристика
Страници 272 с.
Размери/Мащаб 20 см
380 ## - Жанр
Жанр Литературознание
500 ## - Общи забележки
Забележка Библиогр. с. 260-271.
504 ## - Забележка за наличие на библиография и др
Забележка за наличие на библиография и под. 260-271
650 #4 - Допълнително описание по предмет – тема
Основно описание – тема или топоним Лирика, българска
9 (RLIN) 261407
650 #4 - Допълнително описание по предмет – тема
Основно описание – тема или топоним Поети, български
9 (RLIN) 241945
653 ## - Ключова дума – ненормативна
Ключова дума български поети
653 ## - Ключова дума – ненормативна
Ключова дума литературна критика
653 ## - Ключова дума – ненормативна
Ключова дума българска поезия
852 ## - Местоположение
Форматна сигнатура Цб 235029
856 4# - Електронен адрес и достъп
Електронен формат pdf - файл
Път до файла /url/
856 4# - Електронен адрес и достъп
Електронен формат pdf - файл
Път до файла /url/
942 ## - АРТИКУЛИ
Вид на библиотечния материал Книги
Скрит в OPAC Не
944 ## - СЪЗДАВАНЕ И РЕДАКЦИЯ на ЗАПИСА
Създаване/Редакция Създаване
Дата на регистрацията/редакция 01.08.2007
Служител, извършил регистрацията/редакцията Людмила_Стоянова
944 ## - СЪЗДАВАНЕ И РЕДАКЦИЯ на ЗАПИСА
Създаване/Редакция Редакция
Дата на регистрацията/редакция 21.09.2007
Служител, извършил регистрацията/редакцията
999 ## - СИСТЕМНИ КОНТРОЛНИ НОМЕРА
Koha biblionumber 72439
Koha biblioitemnumber 72439
Наличности
Код за отписване Код за изгубен артикул Код за повреда Коз за рестрикции Код за отдаване Артикулен № Име на библиотеката - собственик Име на библиотеката, в която се намира в момента Статус (Текущо местоположение) Дата на вписване в системата Местоположение - отдел Цена в лева Инвентарен номер Систематично азбучна сигнатура Баркод Номер на екземпляра Цена в евро Служебна бележка Служебен тип на артикула Източник на класификационната схема
  Не е изгубен Не е повреден без рестрикции ползва се в читалня 117981 Регионална библиотека "Любен Каравелов" Русе Регионална библиотека "Любен Каравелов" Русе Хранилище 2007-08-01 Хранилище 7.95 120000715950 Цб 235029 120000715950 1 4.06 Дост: Dp Вид: Д N: 9 Дата: 08.02.2007 Книги  
  Не е изгубен Не е повреден без рестрикции заемане за дома 117982 Регионална библиотека "Любен Каравелов" Русе Регионална библиотека "Любен Каравелов" Русе Заемна - подръчен фонд 2007-08-16 Заемна - подръчен фонд 7.95 120000716690 821.163.2.09/Г 22 Б 120000716690 2 4.06 Дост: Pk Вид: Ф N: 7450 Дата: 14.08.2007 Дата инв: 09.02.2018 Бележки инв: П2018 Книги Universal Decimal Classification
  Не е изгубен Не е повреден без рестрикции ползва се в читалня 117983 Регионална библиотека "Любен Каравелов" Русе Регионална библиотека "Любен Каравелов" Русе Читалня 2007-08-16 Читалня 7.95 120000716691 Ч 821.163.2.09/Г 22 120000716691 3 4.06 Дост: Pk Вид: Ф N: 7450 Дата: 14.08.2007 Дата инв: 27.03.2017 Бележки инв: Ч2017 Книги Universal Decimal Classification
Vip Innovations Ltd, Rousse, Bulgaria 2025